ਧੱਮਪਦ / (Record no. 110991)

MARC details
000 -LEADER
fixed length control field 01014nam a22002537a 4500
010 ## - LIBRARY OF CONGRESS CONTROL NUMBER
LC control number B-124810
020 ## - INTERNATIONAL STANDARD BOOK NUMBER
International Standard Book Number 8173809070
Terms of availability 120.00
035 ## - SYSTEM CONTROL NUMBER
System control number B-124810
037 ## - SOURCE OF ACQUISITION
Stock number Cen Lib / Ret
040 ## - CATALOGING SOURCE
Original cataloging agency DPL
Language of cataloging PN
082 ## - DEWEY DECIMAL CLASSIFICATION NUMBER
Edition number 250
Classification number ਜੋਸ਼ੀਐ
100 ## - MAIN ENTRY--PERSONAL NAME
Personal name ਜੋਸ਼ੀ, ਐਲ ਔਮ.
9 (RLIN) 135454
245 ## - TITLE STATEMENT
Title ਧੱਮਪਦ /
Statement of responsibility, etc ਔਲ ਔਮ ਜੋਸ਼ੀ ; ਅਨੁਵਾਦਕ ਸ਼ਾਰਦਾ ਗਾਂਧੀ
246 ## - VARYING FORM OF TITLE
Title proper/short title Dhammapada : punjabi /
Remainder of title by L. M. Joshi ; translated by Sharda Gandhi
260 ## - PUBLICATION, DISTRIBUTION, ETC. (IMPRINT)
Place of publication, distribution, etc ਪਟਿਆਲਾ
Name of publisher, distributor, etc ਪਬਲੀਕੇਸ਼ਨ ਬਿਊਰੋ
Date of publication, distribution, etc 2004
270 ## - ADDRESS
Address ਪੰਜਾਬੀ ਯੂਨੀਵਰਸਿਟੀ
City ਪਟਿਆਲਾ
300 ## - PHYSICAL DESCRIPTION
Extent 168p.
Other physical details 24cm
650 ## - SUBJECT ADDED ENTRY--TOPICAL TERM
Topical term or geographic name as entry element ਸਿੱਖ ਧਰਮ.
9 (RLIN) 1488
650 ## - SUBJECT ADDED ENTRY--TOPICAL TERM
Topical term or geographic name as entry element Sikhism.
9 (RLIN) 3669
650 ## - SUBJECT ADDED ENTRY--TOPICAL TERM
Topical term or geographic name as entry element ਸਿੱਖ ਫ਼ਲਸਫ਼ੇ.
9 (RLIN) 135455
650 ## - SUBJECT ADDED ENTRY--TOPICAL TERM
Topical term or geographic name as entry element Sikh philosophy.
9 (RLIN) 12954
700 ## - ADDED ENTRY--PERSONAL NAME
Personal name ਗਾਂਧੀ, ਸ਼ਾਰਦਾ
9 (RLIN) 135456
942 ## - ADDED ENTRY ELEMENTS (KOHA)
Source of classification or shelving scheme Dewey Decimal Classification
Koha item type Punjabi Bks
Classification part 250
Call number suffix ਜੋਸ਼ੀਐ
Holdings
Withdrawn status Lost status Damaged status Not for loan Home library Current library Date acquired Source of acquisition Cost, normal purchase price Total Checkouts Full call number Barcode Date last seen Copy number Cost, replacement price Price effective from Koha item type
        Central Library Central Library 10/02/2016 Cen Lib/Ret 120.00   250 ਜੋਸ਼ੀਐ B-124810 10/02/2016 1 120.00 10/02/2016 Punjabi Bks

© Delhi Public Library
Hit Counter
free hit counter